English Football Clubs Nicknames - Statistics

General Stats
  • This quiz has been taken 37 times
  • The average score is 7 of 10
Answer Stats
Hint Answer % Correct
The Blues Chelsea
97%
The Magpies Newcastle United
91%
The Potters Stoke City
82%
The Rams Derby County
79%
The Hornets Watford
76%
The Black Cats Sunderland
73%
Baggies West Brom
73%
The Clarets Burnley
67%
The Terriers Huddersfield Town
61%
The Seasiders Blackpool
39%
No matching quizzes found
Score Distribution
Percent of People with Each Score
Percentile by Number Answered
Your Score History
You have not taken this quiz